000 00612nam a22001817a 4500
005 20100928103352.0
008 100928t xxu||||| |||| 00| 0 eng d
020 _a8126011386
_c75.00
035 _aB-130338
082 _aS
100 _aLankesh, P.
_922107
245 _aWhen other stories and other stories /
_cby P. Lankesh ; edited by Vanamala Viswanatha
260 _aNew Delhi
_bSahitya Akademi
_c2004
300 _a178p.
_c21cm (pbk)
700 _aViswanatha, Vanamala
_922108
942 _2ddc
_cEN
_hS
_mLAN
999 _c47866
_d47866